Countries In Oceania On A World Map - Statistics

General Stats
  • This quiz has been taken 24 times
  • The average score is 13 of 14
Answers on the Map
Answers color-coded by a green-red scale on the quiz's map according to % correct below.
 
Answer Stats
Answer % Correct
Australia
100%
Fiji
100%
New Zealand
100%
Solomon Islands
100%
Tonga
100%
Vanuatu
100%
Marshall Islands
93%
Micronesia
93%
Nauru
93%
Palau
93%
Tuvalu
93%
Kiribati
86%
Papua New Guinea
86%
Samoa
86%
No matching quizzes found
Score Distribution
Percent of People with Each Score
Percentile by Number Answered
Your Score History
You have not taken this quiz